|
|
|
|
| LEADER |
01018nam a2200277 a 4500 |
| 001 |
3966 |
| 003 |
BD-DhAAL |
| 005 |
20150523112543.0 |
| 008 |
150523s1993 nyua b 001 0deng |
| 010 |
|
|
|a 92039866
|
| 020 |
|
|
|a 0393034798 :
|c $25.00 ($33.00 Can.)
|
| 040 |
|
|
|a DLC
|c DLC
|d DLC
|d OCoLC
|d BD-DhAAL
|
| 050 |
0 |
0 |
|a E321
|b .E45 1993
|
| 082 |
0 |
0 |
|a 973.4/4/092
|2 20
|
| 100 |
1 |
|
|a Ellis, Joseph J.
|9 11309
|
| 245 |
1 |
0 |
|a Passionate sage :
|b the character and legacy of John Adams /
|c Joseph J. Ellis.
|
| 250 |
|
|
|a 1st ed.
|
| 260 |
|
|
|a New York :
|b Norton,
|c c1993.
|
| 300 |
|
|
|a 277 p. :
|b ill. ;
|c 22 cm.
|
| 504 |
|
|
|a Includes bibliographical references and index.
|
| 541 |
|
|
|e 3966
|
| 600 |
1 |
0 |
|a Adams, John,
|d 1735-1826.
|9 11310
|
| 651 |
|
0 |
|a United States
|x Politics and government
|y 1789-1809.
|9 11311
|
| 942 |
|
|
|2 ddc
|c BK
|
| 999 |
|
|
|c 34489
|d 34489
|
| 952 |
|
|
|0 0
|1 0
|2 ddc
|4 0
|6 973_440920000000000_ELL
|7 0
|9 53833
|a SCL
|b SCL
|c GEN
|d 2015-05-23
|e Gift: The Asia Foundation
|l 0
|o 973.44092 ELL
|p 3020003966
|r 2015-05-23
|t 1
|w 2015-05-23
|y BK
|